LEADER 01279nam 2200361 450 001 000017122 005 20050718115600.0 100 $a20031217d1998----km-y0itay0103----ba 101 0 $aeng$agre 102 $aGB 200 1 $aRegional schools in Hellenistic sculpture$eproceedings of an international conference held at the American School of Classical studies at Athens, march 15-17, 1996$fedited by Olga Palagia and William Coulson 210 $aOxford$cOxbow Books$d1998 215 $a291 p.$d31 cm. 702 1$aPalagia,$bOlga 702 1$aCoulson,$bWilliam 801 0$aITBAS01 912 $a000017122 996 $aRegional schools in Hellenistic sculpture$984866 997 $aUNIBAS BAS $aLETTERE BAS $aMONLET BAS $aMONOGR BAS $aLETTERE CAT $aDILEO$b21$c20031217$lBAS01$h1208 CAT $aDILEO$b21$c20031217$lBAS01$h1209 CAT $aDILEO$b21$c20040114$lBAS01$h1425 CAT $c20050601$lBAS01$h1756 CAT $abatch$b01$c20050718$lBAS01$h1053 CAT $c20050718$lBAS01$h1112 CAT $c20050718$lBAS01$h1142 CAT $c20050718$lBAS01$h1156 FMT Z30 -1$lBAS01$LBAS01$mBOOK$1BASA4$APolo di Matera$2GEN$BCollezione generale$3MSR-L V-48$6100750$5L100750$820031217$f02$FPrestabile Generale LEADER 01399cam0-2200445---450- 001 990000307090203316 005 20100728130209.0 010 $a88-324-4023-7 035 $a0030709 035 $aUSA010030709 035 $a(ALEPH)000030709USA01 035 $a0030709 100 $a20001129d2000----|||y0itay0103----ba 101 1 $aita 102 $aIT 105 $a||||||||011yy 200 $a<> metodo HACCP$emetologie e strumentiper l'applicazione del sistema, esempi diapplicazione, fonti normative$fRoberto Bonsi, Cristina Galli 205 $a2. ed 210 $aMilano$cIl sole 24 ore$d2000 215 $aVII, 312, 15 p.$d25 cm$e1Cd-Rom 225 $aLavoro 410 0$a12001$12001$aLavoro 606 $aAlimenti$xPreparazione$xIgiene 606 $aAlimenti$xMicrobiologia 606 $aAlimenti$xPreparazione$xIgiene 676 $a664.00289 700 1$aBONSI,$bRoberto$0515082 701 1$aGALLI,$bCristina$0515083 801 $aIT$bSALBC$gISBD 912 $a990000307090203316 951 $a664.002 BON (IG XVI 258 a)$b27378 G.$cIG XVI$d00070585 959 $aBK 969 $aTEC 979 $aTAMI$b40$c20001129$lUSA01$h1222 979 $c20020403$lUSA01$h1638 979 $aPATRY$b90$c20040406$lUSA01$h1621 979 $aRSIAV4$b90$c20100728$lUSA01$h1302 979 $aCHIARA$b90$c20110519$lUSA01$h1422 996 $aMetodo HACCP$9856345 997 $aUNISA